Kabale University Library Catalogue

Plant biotechnology/ (Record no. 6146)

MARC details
000 -LEADER
fixed length control field 02835cas a2200745 a 4500
001 - CONTROL NUMBER
control field 14238108
003 - CONTROL NUMBER IDENTIFIER
control field OSt
005 - DATE AND TIME OF LATEST TRANSACTION
control field 20260323150710.0
006 - FIXED-LENGTH DATA ELEMENTS--ADDITIONAL MATERIAL CHARACTERISTICS
fixed length control field m o d
007 - PHYSICAL DESCRIPTION FIXED FIELD--GENERAL INFORMATION
fixed length control field cr cnu||||||||
008 - FIXED-LENGTH DATA ELEMENTS--GENERAL INFORMATION
fixed length control field 260305c19979999ja qr pso 0 0eng d
010 ## - LIBRARY OF CONGRESS CONTROL NUMBER
LC control number 2006211422
020 ## - INTERNATIONAL STANDARD BOOK NUMBER
International Standard Book Number 9781032653839
020 ## - INTERNATIONAL STANDARD BOOK NUMBER
International Standard Book Number 9780367175047
020 ## - INTERNATIONAL STANDARD BOOK NUMBER
International Standard Book Number 9780429057267
022 ## - INTERNATIONAL STANDARD SERIAL NUMBER
International Standard Serial Number 1347-6114
023 0# - STANDARD FILM NUMBER (VM) [DELETED]
Standard film number 1342-4580
029 1# - OTHER SYSTEM CONTROL NUMBER (OCLC)
OCLC library identifier AU@
System control number 000044938434
029 1# - OTHER SYSTEM CONTROL NUMBER (OCLC)
OCLC library identifier AU@
System control number 000045398600
029 1# - OTHER SYSTEM CONTROL NUMBER (OCLC)
OCLC library identifier NZ1
System control number 12139906
029 1# - OTHER SYSTEM CONTROL NUMBER (OCLC)
OCLC library identifier OCLCS
System control number OP-13127
035 ## - SYSTEM CONTROL NUMBER
System control number (OCoLC)53864110
040 ## - CATALOGING SOURCE
Original cataloging agency OUN
Language of cataloging eng
Transcribing agency KABLIB
Modifying agency KABLIB
-- CUS
-- OCL
-- SMI
-- DLC
-- OCLCQ
-- OCLCF
-- OCLCQ
-- VT2
-- VDB
-- OCLCQ
-- OCLCO
-- LUU
-- UBY
-- LND
-- OCLCO
-- OCLCL
-- OCLCO
-- OCLCQ
041 0# - LANGUAGE CODE
Language code of text/sound track or separate title eng
-- jpn
042 ## - AUTHENTICATION CODE
Authentication code lccopycat
050 00 - LIBRARY OF CONGRESS CALL NUMBER
Classification number TP248.27.P55
060 00 - NATIONAL LIBRARY OF MEDICINE CALL NUMBER
Classification number W1
Item number PL105KY
066 ## - CHARACTER SETS PRESENT
Alternate G0 or G1 character set $1
070 0# - NATIONAL AGRICULTURAL LIBRARY CALL NUMBER
Classification number QK725.S565
082 ## - DEWEY DECIMAL CLASSIFICATION NUMBER
Edition number 23
Classification number 631.523
Item number UME
100 ## - MAIN ENTRY--PERSONAL NAME
Personal name Umesha S.
Relator term Author
9 (RLIN) 15610
130 0# - MAIN ENTRY--UNIFORM TITLE
Uniform title Plant biotechnology (Tokyo, Japan : Online)
9 (RLIN) 15611
245 10 - TITLE STATEMENT
Title Plant biotechnology/
Statement of responsibility, etc. by S. Umesha
260 ## - PUBLICATION, DISTRIBUTION, ETC.
Place of publication, distribution, etc. [Tokyo] :
Name of publisher, distributor, etc. Japanese Society for Plant Cell and Molecular Biology
Date of publication, distribution, etc. c2019
300 ## - PHYSICAL DESCRIPTION
Extent xii, 422 p. ;
Dimensions 24 cm
310 ## - CURRENT PUBLICATION FREQUENCY
Current publication frequency Quarterly
336 ## - CONTENT TYPE
Content type term text
Content type code txt
Source rdacontent
337 ## - MEDIA TYPE
Media type term computer
Media type code c
Source rdamedia
338 ## - CARRIER TYPE
Carrier type term online resource
Carrier type code cr
Source rdacarrier
362 1# - DATES OF PUBLICATION AND/OR SEQUENTIAL DESIGNATION
Dates of publication and/or sequential designation Print began with v. 14, no. 1 (Apr. 1997).
506 ## - RESTRICTIONS ON ACCESS NOTE
Terms governing access License restrictions may limit access.
530 ## - ADDITIONAL PHYSICAL FORM AVAILABLE NOTE
Additional physical form available note Also issued in print.
538 ## - SYSTEM DETAILS NOTE
System details note Mode of access: World Wide Web; may require Adobe Acrobat Reader.
588 ## - SOURCE OF DESCRIPTION NOTE
Source of description note Description based on: Vol. 18, no. 1(2001) (publisher's Web site, viewed Dec. 8, 2003); title from journal home page.
588 ## - SOURCE OF DESCRIPTION NOTE
Source of description note Latest issue consulted: Vol. 39, no. 4 (2022) (J-stae, viewed Feb. 21, 2023).
650 #0 - SUBJECT ADDED ENTRY--TOPICAL TERM
Topical term or geographic name entry element Plant biotechnology
Form subdivision Periodicals.
9 (RLIN) 15612
650 #0 - SUBJECT ADDED ENTRY--TOPICAL TERM
Topical term or geographic name entry element Plant genetic engineering
Form subdivision Periodicals.
9 (RLIN) 15613
650 #6 - SUBJECT ADDED ENTRY--TOPICAL TERM
Topical term or geographic name entry element Plantes
General subdivision Biotechnologie
Form subdivision Périodiques.
9 (RLIN) 15614
650 #6 - SUBJECT ADDED ENTRY--TOPICAL TERM
Topical term or geographic name entry element Génie génétique végétal
Form subdivision Périodiques.
9 (RLIN) 15615
650 #7 - SUBJECT ADDED ENTRY--TOPICAL TERM
Topical term or geographic name entry element Plant biotechnology
Source of heading or term fast
9 (RLIN) 15616
650 #7 - SUBJECT ADDED ENTRY--TOPICAL TERM
Topical term or geographic name entry element Plant genetic engineering
Source of heading or term fast
9 (RLIN) 15617
655 #0 - INDEX TERM--GENRE/FORM
Genre/form data or focus term Electronic journals.
9 (RLIN) 7771
655 #2 - INDEX TERM--GENRE/FORM
Genre/form data or focus term Periodical
9 (RLIN) 346
655 #7 - INDEX TERM--GENRE/FORM
Genre/form data or focus term periodicals.
Source of term aat
9 (RLIN) 350
655 #7 - INDEX TERM--GENRE/FORM
Genre/form data or focus term Periodicals
Source of term fast
9 (RLIN) 350
655 #7 - INDEX TERM--GENRE/FORM
Genre/form data or focus term Periodicals.
Source of term lcgft
9 (RLIN) 350
655 #7 - INDEX TERM--GENRE/FORM
Genre/form data or focus term Périodiques.
Source of term rvmgf
9 (RLIN) 15618
710 2# - ADDED ENTRY--CORPORATE NAME
Linkage 880-01
Corporate name or jurisdiction name as entry element Nihon Shokubutsu Saibō Bunshi Seibutsu Gakkai,
Relator term issuing body.
Real World Object URI https://id.oclc.org/worldcat/entity/E39QH7JmmXFxMfWwPghjBhGxvR
9 (RLIN) 15619
776 1# - ADDITIONAL PHYSICAL FORM ENTRY
Title Plant biotechnology (Tokyo, Japan)
International Standard Serial Number 1342-4580
Record control number (DLC)sn 97015619
-- (OCoLC)37950447
880 2# - ALTERNATE GRAPHIC REPRESENTATION
Linkage 710-01/$1
880 0# - ALTERNATE GRAPHIC REPRESENTATION
Linkage 730-00/$1
906 ## - LOCAL DATA ELEMENT F, LDF (RLIN)
a 7
b cbc
c serials
d 3
e ncip
f 20
g n-oclcserc
942 ## - ADDED ENTRY ELEMENTS (KOHA)
Source of classification or shelving scheme Dewey Decimal Classification
Koha item type Book
Holdings
Withdrawn status Lost status Source of classification or shelving scheme Damaged status Not for loan Home library Current library Date acquired Total Checkouts Full call number Barcode Date last seen Price effective from Koha item type
    Dewey Decimal Classification     Mukombe Library Mukombe Library 05.03.2026   631.523 UME 14695 05.03.2026 05.03.2026 Book
    Dewey Decimal Classification     Mukombe Library Mukombe Library 05.03.2026   631.523 UME 14696 05.03.2026 05.03.2026 Book
    Dewey Decimal Classification     Mukombe Library Mukombe Library 05.03.2026   631.523 UME 14697 05.03.2026 05.03.2026 Book

Kabale University Library | Kabale University P.O Box 317, Kabale, Uganda
Tel : +256754017033, +256774661503 E-mail : library@kab.ac.ug